000 00475nam a2200169Ia 4500
003 GCL
008 140319s9999 xx 000 0 eng d
040 _aGCL /
_cGCL
082 0 4 _a892.7
_bV
100 1 _aDELLA VIDA, GIORGIO LEVI
245 1 0 _aFRAMMENTI CORANICI IN CARATTERE CUFICO : NELLA BIBLIOTECA /
_cDELLA VIDA, GIORGIO LEVI
260 _a[S.N] :
_bCITTA DEL UATICANA ،
_c1986
300 _a57 P
650 0 4 _aCORAN
650 0 4 _aARABIC LANGUAGE
942 _2ddc
_cBK
999 _c12477
_d12477